The Emergence of Pakistan / (Record no. 617471)

000 -LEADER
fixed length control field 00476nam a22001697a 4500
003 - CONTROL NUMBER IDENTIFIER
control field NUST
005 - DATE AND TIME OF LATEST TRANSACTION
control field 20260514154540.0
008 - FIXED-LENGTH DATA ELEMENTS--GENERAL INFORMATION
fixed length control field 260514b ||||| |||| 00| 0 eng d
020 ## - INTERNATIONAL STANDARD BOOK NUMBER
International Standard Book Number 978-969-425-008-0
082 ## - DEWEY DECIMAL CLASSIFICATION NUMBER
Classification number 954.9
Author Mark ALI
100 ## - MAIN ENTRY--PERSONAL NAME
Personal name Chaudhri Muhammad Ali.
9 (RLIN) 46425
245 ## - TITLE STATEMENT
Title The Emergence of Pakistan /
Statement of responsibility, etc. Chaudhri Muhammad Ali.
260 ## - PUBLICATION, DISTRIBUTION, ETC.
Place of publication, distribution, etc. New York :
Name of publisher, distributor, etc. Columbia University press,
Date of publication, distribution, etc. 2009.
300 ## - PHYSICAL DESCRIPTION
Extent 418 p ;
Dimensions 27.8 cm
563 ## - BINDING INFORMATION
Binding note Hardcover
942 ## - ADDED ENTRY ELEMENTS (KOHA)
Source of classification or shelving scheme
Koha item type Book
Holdings
Withdrawn status Lost status Source of classification or shelving scheme Damaged status Not for loan Permanent Location Current Location Date acquired Total Checkouts Full call number Barcode Date last seen Price effective from Koha item type
          Institute of Geographical Information Systems (IGIS) Institute of Geographical Information Systems (IGIS) 05/14/2026   954.9 ALI IGIS-108 05/14/2026 05/14/2026 Book
          Institute of Geographical Information Systems (IGIS) Institute of Geographical Information Systems (IGIS) 05/14/2026   954.9 ALI IGIS-1353 05/14/2026 05/14/2026 Book
© 2023 Central Library, National University of Sciences and Technology. All Rights Reserved.